000 01587 a2200217 4500
001 34318
005 20260407155631.0
008 260407a1968 arg spa d
003 AR-UNSa-BCEJYS
040 _aAR-UNSa-BCEJYS
_bspa
_cAR-UNSa-BCEJYS
080 _a336.7
_xMoneda. Sistema monetario. Banca. Bolsa
245 1 0 _aEl crédito y los bancos
250 _a3a. ed
264 1 _aBilbao :
_bEdiciones Deusto
_c1968
300 _a254 p.
_c22 cm.
505 _aI. Ordenación del creédito y de la banca : 1. El banquero: sus orígene sy su evolución - 2. La ordenación bancaria española - 3. Ministerio de hacienda. Banco de españa. Instituto español de moneda extranjera - 4. La banca privada española - 5. Entidades oficiales de crédito - 6. Cjas de ahorro y cajas rurales - 7. La organización banacaria en el extranjero - II. Operaciones y servicios bancarios : 8. Relaciones entre banquero y sus clientes - 9. Depósitos de fondos y cuentas bancarias - 10. El cheque - 11. La transferencia. La carta de crédito. El acreditamiento - 12. La letra de cambio. El pagaré - 13. Servicios del banco en relación con valores - 14. Sinopsis de los medios de financiación de la empresa - 15. Generalidades sobre las operaciones de crédito - 16. El crédito a corto plazo - 17. Crédito de las cajas de ahorro - 18. El crédito oficial - 19. Los empréstitos en forma de obligaciones - 20. Cambio, comercio y financiación exterior - 21. Estímulos a la inversión
041 _aspa
942 _cBK
590 _aniveau_biblio:m niveau_hierar:0
100 1 _aTobar, José Maria
999 _c2436
_d2436